Lana Del Rey- White Dress (All Lyrics) - Statistics

General Stats
  • This quiz has been taken 95 times
    91 since last reset
  • The average score is 307 of 402
Answer Stats
Lyrics % Correct
a
98%
I
98%
dress
97%
We
97%
we
97%
Mm-
95%
mm-
95%
mm
95%
was
95%
white
95%
White
95%
white-
95%
do
93%
on
93%
wearing
93%
go
92%
waitress
92%
the
90%
it
89%
it,
89%
It
89%
me
89%
only
89%
got
87%
in
87%
Look
87%
look
87%
When
87%
when
87%
Men
85%
this,
85%
this
85%
at
84%
Conference
84%
Down
84%
nineteen
84%
how
82%
Like
82%
like
82%
Like,
82%
Business
80%
my
80%
And
79%
'cause
77%
'Cause
77%
Music
77%
You
77%
of
75%
tight
75%
dawn
74%
such
74%
Such
74%
were
74%
felt
72%
feel
69%
feel,
69%
Orlando,
69%
scene
69%
seen
67%
time
67%
all
66%
But
66%
night
66%
man,
64%
mention
64%
shift
64%
Sun
64%
every
61%
god
61%
had
61%
made
61%
Summer,
61%
to
61%
control
59%
don't
59%
head
59%
working
59%
simpler
57%
under
57%
with
56%
beat
54%
Thinking
54%
hands
51%
Listening
51%
listening
51%
day
49%
talking
49%
almost
48%
gone
48%
care
46%
off
46%
they
46%
could
44%
just
44%
Just
44%
out
44%
about
43%
jazz
43%
long
43%
small
43%
stare,
43%
If
41%
Ra,
41%
wasn't
41%
would
41%
back
39%
Because
39%
famous,
39%
life,
39%
Stripes
39%
Kings
38%
again,
36%
better
36%
makes
36%
rock
36%
summer's
36%
heat
34%
kinda
33%
Mm-
33%
mm-
33%
mm
33%
sitting
33%
hot
31%
maybe
31%
outside
31%
sizzling
31%
still
31%
free
30%
lawn
30%
street
30%
'til
30%
Leon
26%
thought
25%
singing
23%
handling
20%
Somehow
13%
No matching quizzes found
Score Distribution
Percent of People with Each Score
Percentile by Number Answered
Your Score History
You have not taken this quiz since the last reset